<?xml version="1.0" encoding="UTF-8"?>
<record
    xmlns:xsi="http://www.w3.org/2001/XMLSchema-instance"
    xsi:schemaLocation="http://www.loc.gov/MARC21/slim http://www.loc.gov/standards/marcxml/schema/MARC21slim.xsd"
    xmlns="http://www.loc.gov/MARC21/slim">

  <leader>01466njm a22002177a 4500</leader>
  <controlfield tag="005">20100910105558.0</controlfield>
  <controlfield tag="008">100910t        xxu||||| |||| 00| 0 eng d</controlfield>
  <datafield tag="028" ind1=" " ind2=" ">
    <subfield code="a">D/ELRZ.4</subfield>
    <subfield code="b">EMI</subfield>
  </datafield>
  <datafield tag="035" ind1=" " ind2=" ">
    <subfield code="a">GR-01971</subfield>
  </datafield>
  <datafield tag="040" ind1=" " ind2=" ">
    <subfield code="a">SED</subfield>
    <subfield code="c">SED</subfield>
  </datafield>
  <datafield tag="100" ind1=" " ind2=" ">
    <subfield code="a">Khan, Nawaz Bismillah Khan </subfield>
    <subfield code="9">19365</subfield>
  </datafield>
  <datafield tag="245" ind1=" " ind2=" ">
    <subfield code="a">Shehnai /</subfield>
    <subfield code="c">by Shehnai Nawaz Bismillah Khan &amp; Party</subfield>
    <subfield code="h">[sound recording] :</subfield>
  </datafield>
  <datafield tag="246" ind1=" " ind2=" ">
    <subfield code="a"> &#x936;&#x947;&#x939;&#x928;&#x93E;&#x908; / &#x936;&#x947;&#x939;&#x928;&#x93E;&#x908;  &#x928;&#x935;&#x93E;&#x91C;&#x93C;  &#x92C;&#x93F;&#x938;&#x94D;&#x92E;&#x93F;&#x932;&#x94D;&#x932;&#x93E;&#x939;  &#x916;&#x93E;&#x928;  &#x90F;&#x902;&#x921;  &#x92A;&#x93E;&#x930;&#x94D;&#x91F;&#x940; &#x926;&#x94D;&#x935;&#x93E;&#x930;&#x93E; </subfield>
  </datafield>
  <datafield tag="260" ind1=" " ind2=" ">
    <subfield code="a">Dum Dum, India :</subfield>
    <subfield code="b">EMI</subfield>
    <subfield code="c">1969</subfield>
  </datafield>
  <datafield tag="300" ind1=" " ind2=" ">
    <subfield code="a">1 sound disc [Gramophone Recording] :</subfield>
    <subfield code="b">analog, 33 1/3 rpm ;</subfield>
    <subfield code="c">12.5 in. (LP)</subfield>
    <subfield code="f">Gramaphone Records</subfield>
  </datafield>
  <datafield tag="500" ind1=" " ind2=" ">
    <subfield code="a">Brief record.</subfield>
  </datafield>
  <datafield tag="505" ind1=" " ind2=" ">
    <subfield code="a">Side 1 &#x930;&#x93E;&#x917;&#x938; : &#x932;&#x91F;&#x924;  &#x924;&#x94B;&#x921;&#x93C;&#x940;  &#x905;&#x939;&#x940;&#x930;  &#x92D;&#x948;&#x930;&#x935;  &#x91C;&#x94C;&#x928;&#x92A;&#x941;&#x930;&#x940; &#x939;&#x902;&#x938; &#x928;&#x93E;&#x930;&#x93E;&#x92F;&#x923; &#x936;&#x941;&#x926;&#x94D;&#x927; &#x938;&#x93E;&#x930;&#x902;&#x917; [Ragas: Latat, Todi, Ahir Bhairav, Jaunpuri, Hans Narayan, Shudh Sarang] Shehnai Nawaz Bismillah Khan &amp; Party Side 2 &#x930;&#x93E;&#x917;&#x938; : &#x92C;&#x938;&#x902;&#x924;  &#x92C;&#x939;&#x93E;&#x930;  &#x92E;&#x941;&#x932;&#x94D;&#x924;&#x93E;&#x928;&#x940;  &#x924;&#x93F;&#x932;&#x915;  &#x915;&#x93E;&#x92E;&#x94B;&#x926;  &#x92E;&#x930;&#x942;  &#x92C;&#x947;&#x939;&#x93E;&#x917;   &#x92C;&#x93E;&#x917;&#x947;&#x936;&#x94D;&#x930;&#x940; ,  &#x92E;&#x93E;&#x932;&#x915;&#x94C;&#x902;&#x938; [Ragas: Basant Bahar, Multani, Tilak Kamod, Maru Behag, Bageshri, Malkauns] Shehnai Nawaz Bismillah Khan &amp; Party</subfield>
  </datafield>
  <datafield tag="650" ind1=" " ind2=" ">
    <subfield code="2">Excerpts.</subfield>
    <subfield code="a">Classical Music</subfield>
    <subfield code="b">India</subfield>
    <subfield code="9">19366</subfield>
  </datafield>
  <datafield tag="942" ind1=" " ind2=" ">
    <subfield code="2">ddc</subfield>
    <subfield code="c">GR</subfield>
  </datafield>
  <datafield tag="999" ind1=" " ind2=" ">
    <subfield code="c">45012</subfield>
    <subfield code="d">45012</subfield>
  </datafield>
  <datafield tag="952" ind1=" " ind2=" ">
    <subfield code="0">0</subfield>
    <subfield code="1">0</subfield>
    <subfield code="2">ddc</subfield>
    <subfield code="4">0</subfield>
    <subfield code="7">1</subfield>
    <subfield code="8">NFIC</subfield>
    <subfield code="a">L</subfield>
    <subfield code="b">L</subfield>
    <subfield code="d">2010-09-10</subfield>
    <subfield code="e">SED/VEN</subfield>
    <subfield code="l">0</subfield>
    <subfield code="p">GR-01971</subfield>
    <subfield code="r">2010-09-10 00:00:00</subfield>
    <subfield code="t">1</subfield>
    <subfield code="w">2010-09-10</subfield>
    <subfield code="y">GR</subfield>
  </datafield>
</record>
